000 00510nam a2200169 i 4500
001 34745
003 ES-MaACL
005 20230906155005.0
007 t|
008 030207s1908 sp ||||1| spa d
100 1 _aBonilla y San Martín, Adolfo,
_d1875-1926
_930193
245 1 0 _aPrometeo y Arlequín
_b: Ester y otros poemas /
_cAdolfo Bonilla y San Martín.
260 _aMadrid :
_b[s.n.,
_c1908] (
_fFortanet)
300 _a194 p. ;
_c12 cm.
852 _aES-MaACL
_jD-2188
999 _c34745
_d34745